| 000 | 00883nam a2200217Ia 4500 | ||
|---|---|---|---|
| 008 | 141014s9999||||xx |||||||||||||| ||und|| | ||
| 010 | _a5252 | ||
| 020 | _a9978-966-24-2 | ||
| 040 | _aANE | ||
| 041 | _aEs | ||
| 082 | _a345.11 G934 T3 | ||
| 100 | _aGuerrero Vivanco,Walter | ||
| 245 |
_aDerecho Procesal Penal III La Prueba Penal _cWalter Guerrero Vivanco |
||
| 250 | _a3ra Ed | ||
| 260 |
_a Quito Ecuador _c1996 _bCasa de la cultura Ecuatoriana |
||
| 300 |
_a455 p _c21 cm |
||
| 500 | _aÍndice | ||
| 505 | _aIntroducción a la prueba.- Los Indicios y las presunciones.- La prueba material.- El Cuerpo del delito.- La prueba testimonial.- El Testimonio instructivo.- El testimonio indagatorio.- De las citas, los careos y de la identidad del sindicado.- La prueba documental.- El documento como objeto de prueba | ||
| 650 | _aDerecho Procesal Penal | ||
| 942 |
_cBK _2ddc _zNr. |
||
| 999 |
_c5402 _d5402 |
||